000 00378nam a2200145 i 4500
001 bg
100 1 _aSZARAWARA, Józef
245 0 _aPodstawy inżynierii reaktorów chemicznych /
_cJózef Szarawara, Jerzy Skrzypek.
260 _aWarszawa,
_c1980.
700 1 _aSKRZYPEK, Jerzy
040 _cBPK
041 _apol
942 _cKS
008 s pl f |000 0 pol
999 _c19398
_d19398
856 _uhttp://koha.tu.koszalin.pl/cgi-bin/koha/opac-detail.pl?biblionumber=19398
_yKatalog online BPK